000
00340nam a22001457a 4500
008
210305b ||||| |||| 00| 0 eng d
020
_a
9780077269869
041
_a
eng
080
_2
330.722.6
_a
330.722.6
082
_2
330.722.6
100
_a
61
101
_a
KF
245
_a
Financial Accounting
_c
Thomas P. Edmonds
942
_2
udc
_c
BK
999
_c
55824
_d
55824